000 00641nam a2200241Ia 4500
003 OSt
005 20221005043325.0
006 a|||||r|||| 00| 0
007 ta
008 221004b |||||||| |||| 00| 0 mal d
024 _a59083
037 _cTextual
040 _aCRL
_cCRL
_bmal
041 _2mal
_amal
082 _aU8.1.N5, 32K6
100 _aMenon Madhava
_9591412
245 0 _aSanjarangal ihdiayilum durathum
260 _aErnakulam
_bC.I.C.C. Book House India
_c1966
300 _a309p.
_ccm.
650 _aGEOGRAPHY
942 _hU8.1.N5, 32K6
_cTEXL
_2cc
999 _c951669
_d951669